Uttar Pradesh district gazetteers: Rae Bareli (Record no. 487039)

000 -LEADER
fixed length control field 00347cam a22001097a 4500
008 - FIXED-LENGTH DATA ELEMENTS--GENERAL INFORMATION
fixed length control field 180718b1976 xxu||||| |||| 00| 0 eng d
082 ## - DEWEY DECIMAL CLASSIFICATION NUMBER
Classification number A75 Ut8R
245 ## - TITLE STATEMENT
Title Uttar Pradesh district gazetteers: Rae Bareli
Statement of responsibility, etc. edited by Amar Singh Baghel
260 ## - PUBLICATION, DISTRIBUTION, ETC.
Place of publication, distribution, etc. Lucknow
Name of publisher, distributor, etc. Department of District Gazetteers
Date of publication, distribution, etc. 1976
300 ## - PHYSICAL DESCRIPTION
Extent 330p.
700 ## - ADDED ENTRY--PERSONAL NAME
Personal name Baghel, Amar Singh
Holdings
Withdrawn status Lost status Damaged status Not for loan Permanent Location Current Location Date acquired Full call number Barcode Date last seen Price effective from Koha item type
        Indian Institute of Public Administration Indian Institute of Public Administration 2018-08-04 A75 Ut8R G15632 2018-08-04 2018-08-04 G

Powered by Koha